[Event "National interclub championship"]
[Site "Brussels"]
[Date "1998.01.11"]
[Round "7"]
[White "Bolzoni, Victor-Angel"]
[Black "de Waal, Mark"]
[Result "0-1"]
[WhiteElo "2250"]
[BlackElo "2245"]
[Board "1"]
[WhiteTeam "CRÉ Brussels"]
[BlackTeam "Jean Jaurès Ghent"]
[WhiteTitle "FM"]
[PlyCount "82"]
[EventDate "1997.10.05"]
[Source "BelgaBase"]

1. e4 Nf6 2. e5 Nd5 3. d4 d6 4. Nf3 Bg4 5. Be2 c6 6. O-O Bxf3 7. Bxf3 dxe5 8.
dxe5 e6 9. c4 Ne7 10. Qxd8+ Kxd8 11. b3 Nd7 12. Bb2 Ng6 13. Re1 Bb4 14. Re4 Kc7
15. h4 h5 16. a3 Be7 17. g3 Nc5 18. Re3 Rad8 19. Be2 Rd7 20. Kg2 Bf8 21. Rf3
Ne7 22. Rxf7 Nxb3 23. Ra2 Nf5 24. Bxh5 Rxh5 25. Rxf8 Na5 26. Bc1 Nxc4 27. Rc2
b5 28. Bg5 Rxg5 29. Rxc4 Rxg3+ 30. fxg3 bxc4 31. h5 Rd3 32. Rf7+ Kb6 33. Kf2
Nxg3 34. Rxg7 Nxh5 35. Rg6 c3 36. Nxc3 Rxc3 37. Rxe6 Nf4 38. Rf6 Nd5 39. Rd6
Rh3 40. a4 a5 41. e6 Rh7 0-1

[Event "National interclub championship"]
[Site "Brussels"]
[Date "1998.01.11"]
[Round "7"]
[White "Groffen, Hans"]
[Black "Van Houtte, Thierry"]
[Result "1/2-1/2"]
[WhiteElo "2220"]
[BlackElo "2235"]
[Board "2"]
[WhiteTeam "Jean Jaurès Ghent"]
[BlackTeam "CRÉ Brussels"]
[PlyCount "81"]
[EventDate "1997.10.05"]
[Source "BelgaBase"]

1. d4 d5 2. c4 c6 3. Nf3 Nf6 4. e3 g6 5. Nc3 Bg7 6. h3 O-O 7. Bd3 c5 8. O-O
cxd4 9. exd4 dxc4 10. Bxc4 Ne8 11. Re1 Nd6 12. Bb3 Nc6 13. Ne5 Na5 14. Bd5 Nf5
15. Be3 Bd7 16. Qe2 Rc8 17. Rad1 Nc6 18. g4 Nxe3 19. Qxe3 e6 20. Bg2 Be8 21. f4
Qa5 22. a3 a6 23. d5 Nxe5 24. fxe5 exd5 25. Nxd5 Qc5 26. Qxc5 Rxc5 27. b4 Rc2
28. Nf6+ Bxf6 29. exf6 Bc6 30. Bxc6 Rxc6 31. g5 h6 32. h4 Rc4 33. Re7 Rxh4 34.
gxh6 Rg4+ 35. Kh2 Kh7 36. Rdd7 Kxh6 37. Rxf7 Rh8 38. Rd5 g5 39. Rg7 Rf8 40. Kh3
Rg1 41. Kh2 1/2-1/2

[Event "National interclub championship"]
[Site "Brussels"]
[Date "1998.01.11"]
[Round "7"]
[White "Kerkhof, Philippe"]
[Black "Krijgelmans, Johan"]
[Result "1/2-1/2"]
[WhiteElo "2240"]
[BlackElo "2270"]
[Board "3"]
[WhiteTeam "CRÉ Brussels"]
[BlackTeam "Jean Jaurès Ghent"]
[PlyCount "83"]
[EventDate "1997.10.05"]
[Source "BelgaBase"]

1. e4 e5 2. Nf3 Nf6 3. Nxe5 d6 4. Nf3 Nxe4 5. Nc3 Nxc3 6. dxc3 Be7 7. Bf4 O-O
8. Qd2 Nd7 9. O-O-O Nc5 10. h3 Ne6 11. Bh2 Qd7 12. Bc4 Qa4 13. Bb3 Qb5 14. Rhe1
Bf6 15. Nd4 Nxd4 16. cxd4 a5 17. Qd3 Qg5+ 18. Kb1 a4 19. Bc4 Qxg2 20. Bg3 Qxh3
21. Rh1 Qf5 22. Qd2 Qa5 23. Bd3 Bf5 24. c3 a3 25. b3 Bg6 26. f4 Bxd3+ 27. Qxd3
g6 28. Bh4 Bxh4 29. Rxh4 f5 30. Rg1 Qd5 31. Rgh1 Rf7 32. Qg3 Qe4+ 33. Ka1 Qe2
34. R4h2 Qe6 35. Re1 Qf6 36. Rhe2 Raf8 37. Re6 Qg7 38. Qe3 Rf6 39. Re7 R6f7 40.
Re6 Rf6 41. Re7 R6f7 42. Re6 1/2-1/2

[Event "National interclub championship"]
[Site "Brussels"]
[Date "1998.01.11"]
[Round "7"]
[White "de Wolf, Johan"]
[Black "Johannes, Alex"]
[Result "1/2-1/2"]
[WhiteElo "2185"]
[BlackElo "2155"]
[Board "4"]
[WhiteTeam "Jean Jaurès Ghent"]
[BlackTeam "CRÉ Brussels"]
[PlyCount "66"]
[EventDate "1997.10.05"]
[Source "BelgaBase"]

1. d4 d5 2. Nf3 c6 3. g3 Bg4 4. Bg2 Nf6 5. O-O e6 6. c4 Nbd7 7. Nc3 Be7 8. Re1
dxc4 9. a4 Nd5 10. Nd2 N7b6 11. a5 Nxc3 12. bxc3 Nd5 13. Qc2 b5 14. axb6 axb6
15. Rxa8 Qxa8 16. Nxc4 b5 17. Ne5 Bh5 18. e4 Nb6 19. f4 f6 20. Nd3 O-O 21. d5
Bf7 22. Be3 Nc4 23. Bd4 Rd8 24. dxc6 Qxc6 25. e5 Qc7 26. Qb3 Qa5 27. Re2 Qa1+
28. Re1 Qa3 29. Qxa3 Nxa3 30. exf6 gxf6 31. Bc5 Bxc5+ 32. Nxc5 Rc8 33. Nxe6
Rxc3 1/2-1/2

[Event "National interclub championship"]
[Site "Brussels"]
[Date "1998.01.11"]
[Round "7"]
[White "Luminet, Denis"]
[Black "Riemens, Albert"]
[Result "1/2-1/2"]
[WhiteElo "2285"]
[BlackElo "2185"]
[Board "5"]
[WhiteTeam "CRÉ Brussels"]
[BlackTeam "Jean Jaurès Ghent"]
[PlyCount "39"]
[EventDate "1997.10.05"]
[Source "BelgaBase"]

1. e4 c5 2. Nc3 e6 3. Nf3 Nc6 4. Be2 d5 5. exd5 exd5 6. d4 c4 7. O-O Be7 8. Re1
Nf6 9. Bg5 O-O 10. Ne5 Be6 11. Bf3 Qb6 12. Bxf6 Bxf6 13. Nxd5 Bxd5 14. Bxd5
Bxe5 15. dxe5 Rad8 16. Qf3 Nd4 17. Qe4 Rxd5 18. Qxd5 Nxc2 19. Qxc4 Nxa1 20.
Rxa1 1/2-1/2

[Event "National interclub championship"]
[Site "Ghent"]
[Date "1998.01.11"]
[Round "7"]
[White "Lemmers, Oscar"]
[Black "Chuchelov, Vladimir"]
[Result "1-0"]
[WhiteElo "2364"]
[BlackElo "2545"]
[Board "1"]
[WhiteTeam "K Ghent S Ruy Lopez"]
[BlackTeam "SK Rochade Eupen"]
[WhiteTitle "FM"]
[BlackTitle "GM"]
[PlyCount "103"]
[EventDate "1997.10.05"]
[Source "BelgaBase"]

1. e4 c5 2. c3 d5 3. exd5 Qxd5 4. d4 e6 5. Nf3 Nf6 6. Be3 cxd4 7. cxd4 Nc6 8.
Nc3 Qd6 9. Bc4 Be7 10. Qe2 O-O 11. Rd1 Nb4 12. Ne5 Nbd5 13. O-O Bd7 14. Bg5 Bc6
15. Rd3 Rac8 16. Rh3 Rfd8 17. Bxd5 exd5 18. Bxf6 Bxf6 19. Qh5 Bxe5 20. Qxh7+
Kf8 21. Re1 Qg6 22. Qh8+ Ke7 23. Qh4+ Kd7 24. Rxe5 Re8 25. Rhe3 f6 26. Qh3+ Kc7
27. Rxe8 Rxe8 28. Rxe8 Qxe8 29. Qe3 Qf7 30. h4 a5 31. Qf4+ Kd7 32. Qg4+ Kc7 33.
a3 Qe7 34. Qf4+ Kd7 35. Qe3 Qd6 36. Ne2 b6 37. Ng3 Qe6 38. Qxe6+ Kxe6 39. f4
Be8 40. Kf2 Bg6 41. Ke3 Kd6 42. f5 Be8 43. Ne2 Ba4 44. Nf4 Bd1 45. Ne6 g6 46.
Kf4 Bc2 47. g4 gxf5 48. gxf5 Bd1 49. Ng7 Ke7 50. h5 Kf7 51. h6 Be2 52. Ne8 1-0

[Event "National interclub championship"]
[Site "Ghent"]
[Date "1998.01.11"]
[Round "7"]
[White "Van der Stricht, Geert"]
[Black "Kishnev, Sergey"]
[Result "0-1"]
[WhiteElo "2300"]
[BlackElo "2500"]
[Board "3"]
[WhiteTeam "K Ghent S Ruy Lopez"]
[BlackTeam "SK Rochade Eupen"]
[BlackTitle "GM"]
[PlyCount "74"]
[EventDate "1997.10.05"]
[Source "BelgaBase"]

1. d4 Nf6 2. c4 e6 3. Nf3 Bb4+ 4. Bd2 c5 5. Bxb4 cxb4 6. g3 O-O 7. Bg2 d6 8.
O-O Nc6 9. a3 Qb6 10. axb4 Nxb4 11. Nc3 Bd7 12. e4 Rad8 13. Qb3 a5 14. e5 dxe5
15. dxe5 Ng4 16. h3 Nh6 17. Ne4 Bc6 18. Nd6 Nf5 19. c5 Qxc5 20. Rfc1 Nd4 21.
Nxd4 Qxd4 22. Bxc6 bxc6 23. Qc3 Qb6 24. Nc4 Qb8 25. Nd6 Qc7 26. Ra3 f6 27. f4
fxe5 28. fxe5 Rb8 29. Qd4 Nd5 30. Rc5 Rb4 31. Qd2 Qb6 32. Raxa5 Rxb2 33. Qd4
Rb1+ 34. Kg2 Qb2+ 35. Qxb2 Rxb2+ 36. Kg1 Rb1+ 37. Kg2 Ne3+ 0-1

[Event "National interclub championship"]
[Site "Ghent"]
[Date "1998.01.11"]
[Round "7"]
[White "Schneider, Bernd"]
[Black "Goormachtigh, Johan"]
[Result "1/2-1/2"]
[WhiteElo "2400"]
[BlackElo "2310"]
[Board "4"]
[WhiteTeam "SK Rochade Eupen"]
[BlackTeam "K Ghent S Ruy Lopez"]
[WhiteTitle "IM"]
[BlackTitle "FM"]
[PlyCount "48"]
[EventDate "1997.10.05"]
[Source "BelgaBase"]

1. c4 Nf6 2. Nc3 c5 3. Nf3 d5 4. cxd5 Nxd5 5. g3 g6 6. Bg2 Bg7 7. O-O Nc6 8.
Nxd5 Qxd5 9. d3 O-O 10. Be3 Bd7 11. d4 cxd4 12. Nxd4 Qc4 13. Nxc6 Bxc6 14. Bxc6
Qxc6 15. Qb3 Qa6 16. Rfc1 Qxe2 17. Rc2 Qf3 18. Rc7 b6 19. Rxe7 Qf6 20. Rc7 Qxb2
21. Qxb2 Bxb2 22. Rd1 Rfc8 23. Rb7 Rcb8 24. Rdd7 Rxb7 1/2-1/2

[Event "National interclub championship"]
[Site "Ghent"]
[Date "1998.01.11"]
[Round "7"]
[White "Meessen, Rudolf"]
[Black "Schalkx, Johnny"]
[Result "1/2-1/2"]
[WhiteElo "2310"]
[BlackElo "2295"]
[Board "6"]
[WhiteTeam "SK Rochade Eupen"]
[BlackTeam "K Ghent S Ruy Lopez"]
[PlyCount "113"]
[EventDate "1997.10.05"]
[Source "BelgaBase"]

1. d4 d6 2. e4 g6 3. c4 Bg7 4. Ne2 Nd7 5. Nbc3 e5 6. Be3 Ne7 7. Qd2 O-O 8.
O-O-O exd4 9. Nxd4 Ne5 10. h3 a6 11. Bg5 Qe8 12. Be2 f6 13. Be3 Qf7 14. Nd5 c5
15. Nxe7+ Qxe7 16. Nc2 Nf7 17. Bf4 Rd8 18. Rhe1 b5 19. cxb5 axb5 20. Bxb5 Be6
21. a4 Bb3 22. Qd3 Bxa4 23. Bxa4 Rxa4 24. Qd5 Kh8 25. Rd3 f5 26. f3 Qa7 27. Rb3
Qe7 28. Rb7 Rd7 29. Rb8+ Nd8 30. Bd2 fxe4 31. Rxe4 Rxe4 32. Qxe4 Qxe4 33. fxe4
Bf6 34. Bh6 Kg8 35. Ne3 Kf7 36. Nd5 Be5 37. Rb3 Rb7 38. Rf3+ Ke6 39. Rf8 Nf7
40. Re8+ Kd7 41. Re7+ Kc6 42. Rxb7 Kxb7 43. Be3 Kc6 44. Kc2 Bg7 45. b3 Ne5 46.
Bf4 Nf7 47. Kd3 Be5 48. Bxe5 Nxe5+ 49. Ke3 h6 50. Kf4 Kd7 51. h4 Ke6 52. Nc7+
Kf7 53. Ke3 Kf6 54. Nd5+ Ke6 55. Nf4+ Kf6 56. Nd5+ Ke6 57. Nc7+ 1/2-1/2

[Event "National interclub championship"]
[Site "Ghent"]
[Date "1998.01.11"]
[Round "7"]
[White "Gommers, Ralf"]
[Black "Coenen, Norbert"]
[Result "0-1"]
[WhiteElo "2325"]
[BlackElo "2335"]
[Board "7"]
[WhiteTeam "K Ghent S Ruy Lopez"]
[BlackTeam "SK Rochade Eupen"]
[BlackTitle "FM"]
[PlyCount "142"]
[EventDate "1997.10.05"]
[Source "BelgaBase"]

1. e4 d5 2. exd5 Qxd5 3. Nc3 Qa5 4. Bc4 c6 5. d3 Bf5 6. Bd2 e6 7. Qe2 Nf6 8.
O-O-O Nbd7 9. h3 h5 10. Nf3 Qc7 11. Nd4 Bg6 12. Bxe6 fxe6 13. Nxe6 Qe5 14. Nc7+
Kf7 15. Nxa8 Bd6 16. Ne4 Rxa8 17. f4 Qe7 18. Rhe1 Kg8 19. g4 Bxe4 20. dxe4 Re8
21. e5 Nd5 22. Qd3 Bb4 23. Bxb4 Qxb4 24. Qd4 a5 25. c4 N5b6 26. e6 Nc5 27. f5
Nxc4 28. Re2 Nb6 29. Rc2 Ne4 30. Qxb4 axb4 31. Rd4 Nf6 32. Rxb4 Nfd5 33. Rb3
Re7 34. Kd2 Nc8 35. Kd3 Nd6 36. Kd4 Nf6 37. Ke5 Nf7+ 38. Kf4 Nd5+ 39. Kg3 Nd6
40. Kh4 g6 41. Rf3 hxg4 42. hxg4 Ne4 43. fxg6 Rxe6 44. g5 Rxg6 45. Re2 Re6 46.
Re1 Kg7 47. Rb3 Re7 48. Ra3 Kg6 49. Ra4 Rh7+ 50. Kg4 Nxg5 51. Ra8 Nf6+ 52. Kg3
Rd7 53. Re2 Nh5+ 54. Kf2 Nf4 55. Rc2 Kf5 56. Rf8+ Kg4 57. Rg8 Re7 58. b3 Nd3+
59. Kg1 Re1+ 60. Kh2 Nf4 61. a4 Rb1 62. Rc3 Rb2+ 63. Kh1 Nfe6 64. a5 c5 65. Kg1
Kf4 66. Kf1 Ra2 67. Rc4+ Kf3 68. Rc3+ Ke4 69. Rxg5 Nxg5 70. Rxc5 Nf3 71. Rb5
Ke3 0-1

[Event "National interclub championship"]
[Site "Tessenderlo"]
[Date "1998.01.11"]
[Round "7"]
[White "Cekro, Ekrem"]
[Black "Welling, Gerard"]
[Result "0-1"]
[WhiteElo "2380"]
[BlackElo "2335"]
[Board "2"]
[WhiteTeam "La Tour d'Ans-Loncin"]
[BlackTeam "OSK Tessenderlo"]
[WhiteTitle "IM"]
[BlackTitle "IM"]
[PlyCount "86"]
[EventDate "1997.10.05"]
[Source "BelgaBase"]

1. c4 b6 2. Nc3 e6 3. g3 Bb7 4. e4 f5 5. Bg2 Nf6 6. d3 Bb4 7. Nge2 O-O 8. O-O
fxe4 9. dxe4 Nc6 10. h3 Rb8 11. a3 Bxc3 12. Nxc3 Qe8 13. Be3 Qg6 14. Qe2 d6 15.
Rad1 h5 16. b4 Rf7 17. c5 dxc5 18. bxc5 Ne7 19. Qc4 e5 20. Rd2 Rbf8 21. Rfd1
Kh7 22. Qe6 Nc6 23. Nd5 Re8 24. Nxf6+ Rxf6 25. Qc4 Na5 26. Qb4 Bc8 27. Qc3 Bb7
28. Rd7 Bxe4 29. Bxe4 Qxe4 30. Rxc7 Nc4 31. Bg5 Rf3 32. Re1 Qd5 33. Qc2+ e4 34.
cxb6 Qxg5 35. Rxc4 Rxg3+ 36. fxg3 Qxg3+ 37. Kh1 Qxe1+ 38. Kh2 axb6 39. Rc6 Qa5
40. Kg2 Qxa3 41. Rxb6 Qf3+ 42. Kh2 Qf4+ 43. Kg2 Re5 0-1

[Event "National interclub championship"]
[Site "Tessenderlo"]
[Date "1998.01.11"]
[Round "7"]
[White "van Schaardenburg, Mark"]
[Black "Goossens, Étienne"]
[Result "1/2-1/2"]
[WhiteElo "2250"]
[BlackElo "2130"]
[Board "5"]
[WhiteTeam "OSK Tessenderlo"]
[BlackTeam "La Tour d'Ans-Loncin"]
[PlyCount "95"]
[EventDate "1997.10.05"]
[Source "BelgaBase"]

1. e4 c5 2. Nc3 Nc6 3. f4 g6 4. Nf3 Bg7 5. Bc4 e6 6. f5 Ne5 7. Nxe5 Bxe5 8. Qf3
gxf5 9. O-O Qh4 10. g3 Qg4 11. Qxg4 fxg4 12. d3 a6 13. a4 Ne7 14. a5 Nc6 15.
Na4 Nd4 16. c3 Nf3+ 17. Kg2 d6 18. Nb6 Rb8 19. Bb3 h5 20. Bd1 Bd7 21. Nxd7 Kxd7
22. Bxf3 gxf3+ 23. Rxf3 Rh7 24. Ra4 h4 25. d4 hxg3 26. dxe5 gxh2 27. Kh1 Rg8
28. Be3 Rg2 29. exd6 Rxb2 30. Ra1 Kxd6 31. Bf4+ Kc6 32. Bg3 b5 33. axb6 Kxb6
34. Rf2 Rxf2 35. Bxf2 Kb5 36. Bg3 Kc4 37. Ra3 Rh3 38. Bxh2 Rxc3 39. Rxa6 Rc1+
40. Kg2 Rc2+ 41. Kh3 Kd3 42. e5 c4 43. Ra7 Rf2 44. Bg3 Rf1 45. Rd7+ Ke4 46. Rc7
Kd3 47. Rd7+ Ke4 48. Rc7 1/2-1/2

[Event "National interclub championship"]
[Site "Tessenderlo"]
[Date "1998.01.11"]
[Round "7"]
[White "Van Herck, Marcel"]
[Black "Hautot, Stéphane"]
[Result "1/2-1/2"]
[WhiteElo "2205"]
[BlackElo "2055"]
[Board "7"]
[WhiteTeam "OSK Tessenderlo"]
[BlackTeam "La Tour d'Ans-Loncin"]
[PlyCount "60"]
[EventDate "1997.10.05"]
[Source "BelgaBase"]

1. e4 c5 2. Nf3 d6 3. d4 Nf6 4. Nc3 cxd4 5. Nxd4 g6 6. Be3 Bg7 7. Be2 O-O 8. f4
Nc6 9. Nb3 Bd7 10. O-O Rc8 11. Bf3 Be6 12. Nd5 Bxd5 13. exd5 Na5 14. Nxa5 Qxa5
15. Rf2 Rc4 16. Qe1 Qc7 17. c3 Ne4 18. Rc2 f5 19. Be2 Rc5 20. Rd1 Ra5 21. a3
Rc8 22. Bd3 Qd7 23. Bxe4 fxe4 24. Bd4 Qf5 25. Bxg7 Kxg7 26. c4 Rac5 27. Rd4 e3
28. Qxe3 Qxc2 29. Qxe7+ Kg8 30. Qe6+ Kg7 1/2-1/2

[Event "National interclub championship"]
[Site "Leuven"]
[Date "1998.01.11"]
[Round "7"]
[White "Claesen, Pieter"]
[Black "Barsov, Alexei"]
[Result "1/2-1/2"]
[WhiteElo "2430"]
[BlackElo "2465"]
[Board "1"]
[WhiteTeam "LV Leuven"]
[BlackTeam "CC Anderlecht"]
[WhiteTitle "IM"]
[BlackTitle "IM"]
[PlyCount "29"]
[EventDate "1997.10.05"]
[Source "BelgaBase"]

1. c4 e6 2. g3 d5 3. Nf3 dxc4 4. Qa4+ Nd7 5. Bg2 c5 6. Qxc4 b6 7. O-O Bb7 8. b3
Be7 9. Bb2 Bf6 10. Qc2 Ne7 11. Na3 Nc6 12. Rac1 O-O 13. Rfd1 Rc8 14. Nc4 Qe7
15. Qb1 1/2-1/2

[Event "National interclub championship"]
[Site "Leuven"]
[Date "1998.01.11"]
[Round "7"]
[White "Mohandesi, Shahin"]
[Black "Claesen, Jeroen"]
[Result "0-1"]
[WhiteElo "2285"]
[BlackElo "2320"]
[Board "2"]
[WhiteTeam "CC Anderlecht"]
[BlackTeam "LV Leuven"]
[WhiteTitle "FM"]
[BlackTitle "FM"]
[PlyCount "68"]
[EventDate "1997.10.05"]
[Source "BelgaBase"]

1. d4 Nf6 2. Nf3 c5 3. d5 c4 4. Nc3 Qa5 5. Bg5 b5 6. Qd2 Na6 7. e4 b4 8. Bxf6
exf6 9. Nd1 c3 10. bxc3 bxc3 11. Qf4 Nb4 12. Ne3 Bc5 13. Bd3 Ba6 14. O-O Bxd3
15. cxd3 Bxe3 16. fxe3 Nxd3 17. Qg4 O-O 18. Nd4 Kh8 19. Qxd7 c2 20. Nb3 Qc3 21.
Qc6 Rac8 22. Qxc3 Rxc3 23. Nc1 Ne5 24. Kf2 Ng4+ 25. Ke2 Rxe3+ 26. Kd2 Rxe4 27.
h3 Ne3 28. Rf3 Rfe8 29. d6 Rd4+ 30. Kc3 Rxd6 31. Nb3 Rc8+ 32. Kb2 Nd1+ 33. Kc1
Nc3 34. Kxc2 Na4+ 0-1

[Event "National interclub championship"]
[Site "Leuven"]
[Date "1998.01.11"]
[Round "7"]
[White "Vanderwaeren, Serge"]
[Black "Tondivar, Babak"]
[Result "0-1"]
[WhiteElo "2320"]
[BlackElo "2305"]
[Board "3"]
[WhiteTeam "LV Leuven"]
[BlackTeam "CC Anderlecht"]
[WhiteTitle "FM"]
[BlackTitle "FM"]
[PlyCount "104"]
[EventDate "1997.10.05"]
[Source "BelgaBase"]

1. Nf3 Nf6 2. c4 e6 3. d4 b6 4. g3 Ba6 5. b3 Bb4+ 6. Bd2 Be7 7. Bg2 c6 8. O-O
O-O 9. Ne5 d5 10. Bc3 Nfd7 11. Nxd7 Nxd7 12. Nd2 Rc8 13. a4 Bf6 14. a5 b5 15.
cxd5 cxd5 16. Nb1 Be7 17. Qd2 Bd6 18. Bb4 Qe7 19. Bxd6 Qxd6 20. Na3 b4 21. Nc2
Rc3 22. Rfb1 Rfc8 23. Rb2 Nb8 24. Bf3 Nc6 25. Kg2 h6 26. h4 Bb5 27. Raa2 a6 28.
g4 Qd8 29. g5 hxg5 30. hxg5 Nxa5 31. Nxb4 Nxb3 32. Qf4 R8c4 33. Nc2 Qc7 34. Qh4
Rxc2 35. g6 fxg6 36. Rxb3 Rxa2 37. Bg4 Rxe2 38. Bxe2 Rc3 39. Rxc3 Qxc3 40. Qd8+
Kf7 41. Bxb5 axb5 42. Qd7+ Kf6 43. Qd8+ Kf5 44. Qf8+ Ke4 45. Qxg7 Qf3+ 46. Kg1
Qf5 47. Kf1 Kf3 48. Ke1 Qe4+ 49. Kd2 Kxf2 50. Qf6+ Kg3 51. Qg5+ Kf3 52. Qg1
Qe2+ 0-1

[Event "National interclub championship"]
[Site "Leuven"]
[Date "1998.01.11"]
[Round "7"]
[White "Henris, Luc"]
[Black "Van Mechelen, Jan"]
[Result "0-1"]
[WhiteElo "2250"]
[BlackElo "2265"]
[Board "4"]
[WhiteTeam "CC Anderlecht"]
[BlackTeam "LV Leuven"]
[WhiteTitle "FM"]
[BlackTitle "FM"]
[PlyCount "70"]
[EventDate "1997.10.05"]
[Source "BelgaBase"]

1. e4 c5 2. Nf3 d6 3. d4 cxd4 4. Nxd4 Nf6 5. Nc3 a6 6. Bc4 e6 7. a3 Be7 8. Ba2
O-O 9. O-O b5 10. Kh1 Bb7 11. Qe2 Nbd7 12. f3 Qc7 13. g4 Nc5 14. g5 Nfd7 15. b4
Na4 16. Nxa4 bxa4 17. c4 a5 18. Be3 axb4 19. axb4 Ne5 20. Rac1 Rfc8 21. Rc2 Qd8
22. h4 g6 23. Rd1 Qe8 24. Bc1 Nc6 25. Qd2 a3 26. Nxc6 Qxc6 27. Bb3 Qb6 28. Qf2
Qxb4 29. Ba2 Qa4 30. Rcd2 Ba6 31. h5 Bxc4 32. Bxc4 Rxc4 33. hxg6 hxg6 34. Rd3
a2 35. Ba3 Rc3 0-1

[Event "National interclub championship"]
[Site "Leuven"]
[Date "1998.01.11"]
[Round "7"]
[White "Craps, Ben"]
[Black "Tonoli, Walter"]
[Result "1/2-1/2"]
[WhiteElo "2185"]
[BlackElo "2240"]
[Board "5"]
[WhiteTeam "LV Leuven"]
[BlackTeam "CC Anderlecht"]
[BlackTitle "FM"]
[PlyCount "106"]
[EventDate "1997.10.05"]
[Source "BelgaBase"]

1. Nf3 c5 2. g3 Nc6 3. Bg2 g6 4. O-O Bg7 5. d3 e5 6. e4 Nge7 7. Nc3 d6 8. Be3
O-O 9. Qd2 f5 10. exf5 gxf5 11. Ng5 h6 12. Nh3 f4 13. gxf4 Nd4 14. Bxd4 exd4
15. Ne2 Nf5 16. Kh1 Nh4 17. Bd5+ Kh8 18. Nhg1 Bg4 19. Ng3 Qf6 20. Rae1 Rac8 21.
f3 Bd7 22. Bxb7 Rb8 23. Bd5 Rxb2 24. Bb3 c4 25. Bxc4 Rb6 26. Nh5 Qg6 27. Nxg7
Qxg7 28. Rf2 Bc6 29. Bb3 Rbb8 30. Re4 Bxe4 31. fxe4 Rf6 32. f5 d5 33. Qf4 Rg8
34. Qg3 Qxg3 35. hxg3 Rxg3 36. Bxd5 Re3 37. Rh2 Nf3 38. Nxf3 Rxf3 39. Rg2 Re3
40. Kh2 a5 41. Bb3 Rb6 42. Rg8+ Kh7 43. Ra8 h5 44. Rxa5 h4 45. e5 Rh6 46. Ra7+
Kh8 47. Ra8+ Kh7 48. Bg8+ Kh8 49. Bd5+ Kh7 50. Be4 Re2+ 51. Kh3 Re3+ 52. Kh2
Re2+ 53. Kh3 Re3+ 1/2-1/2

[Event "National interclub championship"]
[Site "Leuven"]
[Date "1998.01.11"]
[Round "7"]
[White "Faybish, Nimrod"]
[Black "Praet, Maarten"]
[Result "1/2-1/2"]
[WhiteElo "2225"]
[BlackElo "2190"]
[Board "6"]
[WhiteTeam "CC Anderlecht"]
[BlackTeam "LV Leuven"]
[PlyCount "57"]
[EventDate "1997.10.05"]
[Source "BelgaBase"]

1. e4 c5 2. Bc4 Nc6 3. c3 e6 4. Qe2 Nge7 5. d3 g6 6. Nf3 Bg7 7. O-O O-O 8. Bb3
d6 9. Be3 b6 10. d4 cxd4 11. Nxd4 Na5 12. Bc2 e5 13. Nb3 Nac6 14. Rd1 Be6 15.
Na3 Qd7 16. Nb5 Nc8 17. Rd2 a6 18. Nxd6 Nxd6 19. Rad1 Qc7 20. Rxd6 Nd4 21. Nxd4
Qxd6 22. Nxe6 Qxe6 23. Bb3 Qc8 24. Bxb6 Kh8 25. Bd5 Rb8 26. Ba7 Rb5 27. Bc4
Rxb2 28. Qxb2 Qxc4 29. f3 1/2-1/2

[Event "National interclub championship"]
[Site "Antwerp"]
[Date "1998.01.11"]
[Round "7"]
[White "Knoppert, Erik"]
[Black "Cools, Gorik"]
[Result "0-1"]
[WhiteElo "2385"]
[BlackElo "2295"]
[Board "1"]
[WhiteTeam "K Antwerp SK"]
[BlackTeam "SK Moretus Hoboken"]
[WhiteTitle "FM"]
[BlackTitle "FM"]
[PlyCount "62"]
[EventDate "1997.10.05"]
[Source "BelgaBase"]

1. d4 Nf6 2. Bg5 d6 3. Bxf6 gxf6 4. e3 Bg7 5. Bd3 c5 6. c3 Qb6 7. Nd2 cxd4 8.
cxd4 Nc6 9. Ne2 Nb4 10. Bb1 Bg4 11. a3 Qa6 12. h3 Bxe2 13. Qxe2 Rc8 14. Qxa6
Nxa6 15. Bd3 e6 16. Ne4 Ke7 17. Kd2 f5 18. Nc3 Nb8 19. Rac1 f4 20. Rc2 fxe3+
21. fxe3 Nc6 22. b4 h5 23. Bb5 Bh6 24. Kd3 Rhg8 25. Rf1 Rg3 26. Rf3 Rcg8 27.
Bxc6 bxc6 28. Ne4 Rxf3 29. gxf3 f5 30. Nd2 Kd7 31. a4 a6 0-1

[Event "National interclub championship"]
[Site "Antwerp"]
[Date "1998.01.11"]
[Round "7"]
[White "Plomp, Gordon"]
[Black "Dutreeuw, Marc"]
[Result "1/2-1/2"]
[WhiteElo "2330"]
[BlackElo "2405"]
[Board "2"]
[WhiteTeam "SK Moretus Hoboken"]
[BlackTeam "K Antwerp SK"]
[BlackTitle "IM"]
[PlyCount "28"]
[EventDate "1997.10.05"]
[Source "BelgaBase"]

1. c4 e6 2. Nf3 Nf6 3. g3 d5 4. cxd5 exd5 5. Bg2 Bd6 6. O-O O-O 7. Nc3 c6 8. d3
Re8 9. Qc2 Na6 10. a3 Bg4 11. b4 Nc7 12. Rb1 Qd7 13. Re1 a6 14. Bb2 Ne6 1/2-1/2

[Event "National interclub championship"]
[Site "Antwerp"]
[Date "1998.01.11"]
[Round "7"]
[White "Meulders, Richard"]
[Black "Plomp, Erwin"]
[Result "1-0"]
[WhiteElo "2290"]
[BlackElo "2190"]
[Board "3"]
[WhiteTeam "K Antwerp SK"]
[BlackTeam "SK Moretus Hoboken"]
[WhiteTitle "FM"]
[PlyCount "123"]
[EventDate "1997.10.05"]
[Source "BelgaBase"]

1. d4 g6 2. c4 Bg7 3. Nc3 d6 4. e4 c6 5. Be3 a6 6. a4 a5 7. h3 Nd7 8. Nf3 e5 9.
d5 Nc5 10. Be2 Nh6 11. g4 f6 12. Nd2 Nf7 13. Nb3 Nxb3 14. Qxb3 c5 15. O-O-O g5
16. Rdg1 h6 17. Bd2 Bd7 18. Nd1 b6 19. Ne3 Qc7 20. Nf1 Ke7 21. Ng3 Rhg8 22.
Nf5+ Bxf5 23. gxf5 Raf8 24. Bh5 Nh8 25. Rg3 Nf7 26. Rhg1 Rh8 27. Qd1 Qd7 28.
Kb1 Kd8 29. Ka2 Kc7 30. Ka3 Rhg8 31. Bg6 Bh8 32. Rb3 Bg7 33. Rgg3 Ra8 34. Rb5
Nh8 35. Rgb3 Rgb8 36. Bh5 Ra6 37. Qe1 Kc8 38. Ka2 Qc7 39. Be8 Raa8 40. Bc6 Ra6
41. Kb1 Nf7 42. Be8 Qe7 43. Bxf7 Qxf7 44. Bxa5 Qa7 45. Bc3 Rxa4 46. Qe2 Ra1+
47. Kc2 Qa2 48. Bd2 Qb1+ 49. Kc3 Qd1 50. Qxd1 Rxd1 51. Rxb6 Rxb6 52. Rxb6 Bf8
53. b4 cxb4+ 54. Rxb4 Rh1 55. Ra4 Rxh3+ 56. Be3 Be7 57. Ra7 Bd8 58. Kb4 Rh1 59.
Kb5 Kb8 60. Kc6 Rh4 61. Rb7+ Kc8 62. Ba7 1-0

[Event "National interclub championship"]
[Site "Mons"]
[Date "1998.01.11"]
[Round "7"]
[White "Fontaine, Robert"]
[Black "Lazarev, Vladimir"]
[Result "1-0"]
[WhiteElo "2365"]
[BlackElo "2490"]
[Board "1"]
[WhiteTeam "L'Échiquier du Grand-Mons"]
[BlackTeam "SK Eupen '47"]
[WhiteTitle "IM"]
[BlackTitle "IM"]
[PlyCount "61"]
[EventDate "1997.10.05"]
[Source "BelgaBase"]

1. e4 c5 2. Nf3 d6 3. d4 cxd4 4. Nxd4 Nf6 5. Nc3 a6 6. h3 e6 7. g4 h6 8. Bg2
Bd7 9. O-O Nc6 10. Be3 g5 11. Nde2 Be7 12. Ng3 Ne5 13. a4 Qc7 14. Bd4 Rg8 15.
b3 Ng6 16. Nce2 d5 17. exd5 Nxd5 18. Bxd5 exd5 19. Qd3 O-O-O 20. Nf5 Bxf5 21.
Qxf5+ Kb8 22. a5 Nh4 23. Qd3 Rc8 24. Nc3 Rgd8 25. Rfe1 Ng6 26. Na4 Qxc2 27. Qe3
Rc6 28. Rac1 Qe4 29. Ba7+ Kc8 30. Rxc6+ bxc6 31. Qc1 1-0